LDR 00977naa#a2200169#i#450# 001 RU\\bibl\123383 005 20260705154936.7 011 ## _a1994-4683 100 ## _a20230731b2023####ek#y0rusy0150####ca 102 ## _aRU 200 1# _aМОДЕЛЬ ТАКТИЧЕСКОГО КОНТРОЛИРУЕМОГО ПРИЁМА СТРЕЛЬБЫ СПОСОБОМ "ДИНАМИЧЕСКОГО ВЫСТРЕЛА" В БИАТЛОНЕ _eЖурнальная статья 210 1# _aМосква _cНациональный государственный Университет физической культуры, спорта и здоровья им. П.Ф. Лесгафта _d2023 215 ## _a4 с. 608 ## _aЖурнальная статья _2local 675 ## _aСтрельба из огнестрельного оружия. Стрельба из пневматического оружия. 799.31 _z 700 #1 _aЗрыбнев _gНиколай Анатольевич 856 4# _auchzapiski.lesgaft.spb.ru _u